Economic studies <an> independent monthly journal of socio-economic outlook and trend

Enregistré dans:
Détails bibliographiques
Format: Publication en série
Langue:anglais
Publié: Kalkata Economic Studies and Journals Pub. Co. 1977/78
Tags: Ajouter un tag
Pas de tags, Soyez le premier à ajouter un tag!

MARC

LEADER 00000nas2a2200000$$$4500
001 0016524
005 20250730114346.4
041 0 |a eng 
044 |a IN 
245 1 0 |a Economic studies  |b <an> independent monthly journal of socio-economic outlook and trend 
264 1 |a Kalkata  |b Economic Studies and Journals Pub. Co.  |c 1977/78 
300 |a 1 zv. 
773 0 |w eu_un_cat*0016523